[Event "72nd RUS-ch Higher League 2019"]
[Site "Yaroslavl"]
[Date "2019.07.04"]
[Round "7.24"]
[White "Mirzaev, Aziz"]
[Black "Najer, Evgeniy"]
[Result "1/2-1/2"]
[WhiteElo "2433"]
[BlackElo "2678"]
[Annotator "TA"]
[PlyCount "71"]
[EventDate "2019.06.27"]
[EventType "swiss"]
[EventCountry "RUS"]
[SourceTitle "playchess.com"]
[Source "ChessBase"]
[SourceQuality "1"]

{[%evp 9,71,0,25,14,30,28,24,11,35,12,7,11,16,0,0,-7,0,-3,8,-9,-5,-9,-10,0,13,0,0,6,0,-16,0,-29,-36,-51,-47,-48,-48,-51,-51,-50,-36,-54,-38,-46,-64,-68,-47,-128,-12,-12,-12,-12,-12,-12,0,0,0,0,0,0,0,0,0,0]} 1. d4 Nf6 2. c4 e6 3. Nf3 d5 4. g3 Bb4+ 5. Bd2 Bd6 (5... Be7 6. Bg2 O-O 7. O-O Nbd7 8. Qc2 c6 9. Rc1 b6 10. cxd5 cxd5 11. Qd1 Bb7 12. a3 a6 13. Bf4 Rc8 14. Nbd2 Rxc1 15. Rxc1 Qa8 16. Ne5 Nxe5 17. Bxe5 {½-½ (41) Mamedyarov,S (2790)-Radjabov,T (2756) Shamkir 2019}) 6. Bg2 {E01: Catalan: Early deviations} O-O 7. O-O Nbd7 8. Qc2 {White has an edge.} c6 9. Rd1 Ne4 10. Nc3 f5 11. Rab1 (11. Be3 {feels hotter.} Qe7 12. Rac1 h6 13. a3 Qf7 14. Bf4) 11... Qe7 12. Qc1 $146 ({Predecessor:} 12. Be1 g5 {0-1 (32) Hari,M (2250)-Tarun,V (1992) Saravanampatty 2017}) 12... Nxd2 13. Qxd2 Nf6 14. c5 Bc7 15. b4 Ne4 16. Qc2 Bd7 17. Ne5 Be8 18. e3 ({Much worse is} 18. Bxe4 fxe4 19. Qd2 Bxe5 $17) 18... Bh5 {[#] ...Nxc3 is the strong threat.} 19. Rf1 a5 $36 {[%mdl 2048] White is under pressure.} 20. Nxe4 fxe4 21. b5 Bxe5 22. dxe5 cxb5 23. Rxb5 Be8 $1 {[%cal Re8b5]} 24. Rb2 Bc6 25. Rfb1 Rf5 26. Qc3 a4 27. a3 Raf8 28. h4 (28. Bh3 $15) 28... g5 (28... h5 $17 29. Bh3 R5f7) 29. g4 $1 $11 {[%cal Rg4f5] The position is equal.} R5f7 30. h5 Rd8 31. Qd4 Rdf8 32. Rc1 Qc7 33. Rcb1 Qe7 34. Rc1 Qc7 35. Rcb1 Qe7 36. Rc1 {Accuracy: White = 55%, Black = 52%.} 1/2-1/2

[Event "72nd RUS-ch Higher League 2019"]
[Site "Yaroslavl"]
[Date "2019.07.04"]
[Round "7.25"]
[White "Drygalov, Sergey"]
[Black "Eraschenkov, Denis"]
[Result "0-1"]
[WhiteElo "2492"]
[BlackElo "2379"]
[Annotator "ChessBase"]
[PlyCount "72"]
[EventDate "2019.06.27"]
[EventType "swiss"]
[EventCountry "RUS"]
[SourceTitle "playchess.com"]
[Source "ChessBase"]
[SourceQuality "1"]
[TimeControl "40/5400+30:1800+30"]

1. d4 {[%emt 0:00:00]} Nf6 {[%emt 0:00:00]} 2. Nf3 {[%emt 0:00:00]} g6 {[%emt 0:00:00]} 3. c4 {[%emt 0:00:00]} Bg7 {[%emt 0:00:04]} 4. g3 {[%emt 0:00:00]} c6 {[%emt 0:00:14]} 5. Bg2 {[%emt 0:01:16]} d5 {[%emt 0:00:11]} 6. Nbd2 {[%emt 0:00:19]} O-O {[%emt 0:01:44]} 7. O-O {[%emt 0:00:04]} Bf5 {[%emt 0:00:10]} 8. b3 {[%emt 0:03:02]} a5 {[%emt 0:01:13]} 9. Nh4 {[%emt 0:04:20]} Be6 {[%emt 0:02:51]} 10. e3 {[%emt 0:01:23]} c5 {[%emt 0:14:41]} 11. Bb2 {[%emt 0:03:15]} cxd4 {[%emt 0:03:07]} 12. Bxd4 {[%emt 0:00:04]} Nc6 {[%emt 0:00:58]} 13. Bc3 {[%emt 0:01:38]} Bg4 {[%emt 0:29:17]} 14. Nhf3 {[%emt 0:09:21]} e5 {[%emt 0:11:35]} 15. h3 {[%emt 0:01:16]} d4 {[%emt 0:01:53]} 16. exd4 {[%emt 0:01:14]} exd4 {[%emt 0:00:10]} 17. Bb2 {[%emt 0:00:08]} Bf5 {[%emt 0:03:27]} 18. a3 {[%emt 0:07:57]} Qb6 {[%emt 0:01:45]} 19. Ne1 {[%emt 0:20:50]} h5 {[%emt 0:02:06]} 20. Rc1 {[%emt 0:01:08]} Nd7 {[%emt 0:09:06]} 21. g4 {[%emt 0:12:07]} hxg4 {[%emt 0:00:06]} 22. hxg4 {[%emt 0:00:02]} Be6 {[%emt 0:00:10]} 23. Ne4 {[%emt 0:02:21]} Nc5 {[%emt 0:01:02]} 24. Nxc5 {[%emt 0:01:48]} Qxc5 {[%emt 0:00:05]} 25. Nd3 {[%emt 0:00:16]} Qg5 {[%emt 0:00:50]} 26. Qf3 {[%emt 0:05:20]} Bxg4 {[%emt 0:01:15]} 27. Qg3 {[%emt 0:03:51]} Qf5 {[%emt 0:00:35]} 28. Rce1 {[%emt 0:01:34]} Rfe8 {[%emt 0:02:34]} 29. Nf4 {[%emt 0:00:55]} Be5 {[%emt 0:05:23]} 30. Re4 {[%emt 0:00:46]} g5 {[%emt 0:01:25]} 31. f3 {[%emt 0:00:10]} Bxf4 {[%emt 0:00:30]} 32. Qxg4 {[%emt 0:00:05]} Qg6 {[%emt 0:02:02]} 33. Qd7 {[%emt 0:03:28]} Rxe4 {[%emt 0:01:32]} 34. fxe4 {[%emt 0:00:07]} Rd8 {[%emt 0:01:14]} 35. Qh3 {[%emt 0:00:22]} Ne5 {[%emt 0:00:50]} 36. Rd1 {[%emt 0:00:26]} g4 {[%emt 0:00:21]} 0-1

[Event "72nd RUS-ch Higher League 2019"]
[Site "Yaroslavl"]
[Date "2019.07.04"]
[Round "7.26"]
[White "Bykov, Oleg"]
[Black "Bigaliev, Renat"]
[Result "1/2-1/2"]
[WhiteElo "2401"]
[BlackElo "2427"]
[Annotator "NA"]
[PlyCount "117"]
[EventDate "2019.06.27"]
[EventType "swiss"]
[EventCountry "RUS"]
[SourceTitle "playchess.com"]
[Source "ChessBase"]
[SourceQuality "1"]
[TimeControl "40/5400+30:1800+30"]

1. d4 {[%emt 0:00:00]} d5 {[%emt 0:00:00]} 2. c4 {[%emt 0:00:00]} dxc4 {[%emt 0:00:00]} 3. e4 {[%emt 0:00:00]} e5 {[%emt 0:00:00]} 4. Nf3 {[%emt 0:00:46]} exd4 {[%emt 0:00:00]} 5. Bxc4 {[%emt 0:00:16]} Bb4+ {[%emt 0:00:01]} 6. Nbd2 {[%emt 0:03:07]} Nc6 {[%emt 0:00:41]} 7. O-O {[%emt 0:00:58]} Nf6 {[%emt 0:00:14]} 8. e5 {[%emt 0:02:04]} Nd5 {[%emt 0:00:08]} 9. Nb3 {[%emt 0:08:10]} Nb6 {[%emt 0:00:42]} 10. Bb5 {[%emt 0:01:30]} Bd7 {[%emt 0:00:20]} 11. Nbxd4 {[%emt 0:12:41]} Nxd4 {[%emt 0:00:59]} 12. Nxd4 {[%emt 0:00:40]} Bxb5 {[%emt 0:01:21]} 13. Nxb5 {[%emt 0:00:04]} a6 {[%emt 0:00:25]} 14. Qg4 {[%emt 0:08:16]} axb5 {[%emt 0:00:49]} 15. Qxb4 {[%emt 0:00:14]} Qd7 {[%emt 0:02:21]} 16. b3 {[%emt 0:02:42]} Nd5 {[%emt 0:03:12]} 17. Qd4 {[%emt 0:04:36]} Ne7 {[%emt 0:09:07]} 18. Qc3 {[%emt 0:02:12]} Qc6 {[%emt 0:05:42]} 19. Qg3 {[%emt 0:02:30]} Qg6 {[%emt 0:08:04]} 20. Qf3 {[%emt 0:00:45]} c6 {[%emt 0:02:14]} 21. a4 {[%emt 0:05:33]} Nd5 {[%emt 0:24:45]} 22. Ba3 {[%emt 0:05:12]} b4 {[%emt 0:01:44]} 23. Bb2 {[%emt 0:00:44]} O-O {[%emt 0:00:29]} 24. Rac1 {[%emt 0:02:17]} Qe6 {[%emt 0:07:05]} 25. Rc4 {[%emt 0:04:06]} b6 {[%emt 0:01:30]} 26. Qe4 {[%emt 0:07:07]} Rfe8 {[%emt 0:03:50]} 27. Re1 {[%emt 0:05:48]} c5 {[%emt 0:02:31]} 28. h3 {[%emt 0:03:23]} Red8 {[%emt 0:09:02]} 29. g4 {[%emt 0:01:07]} Ne7 {[%emt 0:01:01]} 30. f4 {[%emt 0:02:09]} Qd5 {[%emt 0:02:24]} 31. e6 {[%emt 0:02:22]} f6 {[%emt 0:02:20]} 32. Kf2 {[%emt 0:04:01]} Qxe4 {[%emt 0:01:19]} 33. Rcxe4 {[%emt 0:00:50]} Rd5 {[%emt 0:03:19]} 34. h4 {[%emt 0:02:15]} h6 {[%emt 0:02:21]} 35. Rg1 {[%emt 0:02:06]} Rd2+ {[%emt 0:02:56]} 36. Re2 {[%emt 0:00:05]} Rd3 {[%emt 0:00:30]} 37. Re3 {[%emt 0:01:22]} Rd2+ {[%emt 0:00:11]} 38. Re2 {[%emt 0:00:04]} Rad8 {[%emt 0:00:48]} 39. g5 {[%emt 0:00:47]} fxg5 {[%emt 0:02:05]} 40. hxg5 {[%emt 0:00:00]} h5 {[%emt 0:00:00]} 41. Be5 {[%emt 0:08:25]} Rxe2+ {[%emt 0:12:50]} 42. Kxe2 {[%emt 0:00:05]} Nf5 {[%emt 0:05:27]} 43. g6 {[%emt 0:20:14]} Nd4+ {[%emt 0:06:58]} 44. Bxd4 {[%emt 0:00:34]} Rxd4 {[%emt 0:00:10]} 45. Ke3 {[%emt 0:00:07]} Kf8 {[%emt 0:01:07]} 46. Rg5 {[%emt 0:00:42]} Rd6 {[%emt 0:01:45]} 47. Re5 {[%emt 0:03:53]} Ke7 {[%emt 0:00:59]} 48. f5 {[%emt 0:00:03]} h4 {[%emt 0:00:53]} 49. a5 {[%emt 0:06:35]} h3 {[%emt 0:00:54]} 50. f6+ {[%emt 0:00:41]} gxf6 {[%emt 0:01:06]} 51. g7 {[%emt 0:00:05]} Rd8 {[%emt 0:00:16]} 52. Rh5 {[%emt 0:00:07]} Rg8 {[%emt 0:02:06]} 53. axb6 {[%emt 0:00:54]} Rxg7 {[%emt 0:01:01]} 54. b7 {[%emt 0:00:18]} Rg8 {[%emt 0:00:09]} 55. Rxh3 {[%emt 0:01:00]} Kxe6 {[%emt 0:00:28]} 56. Kd3 {[%emt 0:00:30]} Kd5 {[%emt 0:00:51]} 57. Rf3 {[%emt 0:00:30]} Kc6 {[%emt 0:02:35]} 58. Rxf6+ {[%emt 0:00:18]} Kxb7 {[%emt 0:00:42]} 59. Kc4 {[%emt 0:00:07]} 1/2-1/2

[Event "72nd RUS-ch Higher League 2019"]
[Site "Yaroslavl"]
[Date "2019.07.04"]
[Round "7.27"]
[White "Sadovsky, Artem"]
[Black "Bimiev, Ahmad"]
[Result "1/2-1/2"]
[WhiteElo "2416"]
[BlackElo "2238"]
[Annotator "TA"]
[PlyCount "91"]
[EventDate "2019.06.27"]
[EventType "swiss"]
[EventCountry "RUS"]
[SourceTitle "playchess.com"]
[Source "ChessBase"]
[SourceQuality "1"]

{[%evp 10,91,12,22,25,-5,0,-11,3,-12,-19,-16,-6,0,0,-24,0,0,22,24,31,19,21,20,32,5,37,18,32,25,23,23,39,32,32,32,32,32,32,32,37,32,57,32,30,29,49,49,38,43,46,25,37,32,39,39,39,39,40,20,27,4,4,4,11,0,18,0,0,0,0,0,0,0,0,0,0,0,0,0,0,0,0,0]} 1. Nf3 Nf6 2. c4 c6 3. b3 d5 4. Bb2 g6 5. g3 Bg7 6. Bg2 Bg4 {A11: English Opening: 1...c6} (6... O-O 7. O-O b6 8. d4 Bb7 9. Nc3 e6 10. Qc2 Nbd7 11. Rad1 Qc8 12. e4 dxe4 13. Ng5 e3 14. fxe3 c5 15. Nce4 Nxe4 16. Nxe4 Bxe4 17. Qxe4 {1-0 (40) Rapport,R (2736)-Fedoseev,V (2683) Hengshui 2019}) 7. h3 Bxf3 $146 ({Predecessor:} 7... Bf5 8. d3 O-O 9. O-O Nbd7 10. Nbd2 Re8 11. cxd5 cxd5 12. g4 Be6 13. Ng5 Qb6 14. e3 {0-1 (77) Wilczynski,A (1657)-Brzezinski,L (1273) Poland 2016}) 8. Bxf3 O-O 9. O-O d4 10. e3 e5 11. exd4 exd4 12. Na3 Qd7 13. Bg2 c5 14. d3 Nc6 15. Nc2 Rfe8 16. Qd2 a5 17. a3 Qd6 18. Rfe1 h5 19. Rxe8+ Rxe8 20. Re1 Rxe1+ 21. Nxe1 b6 22. Nf3 Ne5 23. Bc1 Nxf3+ 24. Bxf3 Nd7 25. Qe2 Qe5 26. Be4 Qe6 27. Kg2 Kf8 28. Qf3 Ne5 29. Qd1 Kg8 30. Bf4 Qe7 31. Qe2 f5 32. Bd5+ Kh7 33. Kf1 Bf6 34. a4 Kg7 35. h4 Qe8 {The position is equal.} 36. Bc1 {[#] f4 is the strong threat.} Qe7 37. Bf4 Qe8 38. f3 Qe7 39. Bc1 Kf8 40. Bh6+ Ke8 41. Kg2 Kd7 42. Bd2 Ke8 43. Bf4 Kf8 44. Bxe5 Qxe5 45. Qxe5 Bxe5 46. f4 {Accuracy: White = 55%, Black = 68%.} 1/2-1/2

[Event "72nd RUS-ch Higher League 2019"]
[Site "Yaroslavl"]
[Date "2019.07.04"]
[Round "7.28"]
[White "Lesovoi, Evgenij"]
[Black "Rychkov, Oleg"]
[Result "0-1"]
[WhiteElo "2366"]
[BlackElo "2409"]
[Annotator "NA"]
[PlyCount "90"]
[EventDate "2019.06.27"]
[EventType "swiss"]
[EventCountry "RUS"]
[SourceTitle "playchess.com"]
[Source "ChessBase"]
[SourceQuality "1"]
[TimeControl "40/5400+30:1800+30"]

1. d4 {[%emt 0:00:41]} d5 {[%emt 0:00:00]} 2. c4 {[%emt 0:00:25]} e6 {[%emt 0:00:22]} 3. Nf3 {[%emt 0:00:12]} a6 {[%emt 0:00:15]} 4. e3 {[%emt 0:05:33]} Nf6 {[%emt 0:01:00]} 5. Nbd2 {[%emt 0:02:04]} c5 {[%emt 0:01:31]} 6. b3 {[%emt 0:01:32]} cxd4 {[%emt 0:02:38]} 7. exd4 {[%emt 0:00:19]} Nc6 {[%emt 0:00:15]} 8. Bb2 {[%emt 0:00:57]} Bd6 {[%emt 0:05:17]} 9. Bd3 {[%emt 0:01:46]} O-O {[%emt 0:00:53]} 10. O-O {[%emt 0:00:30]} b6 {[%emt 0:01:03]} 11. Rc1 {[%emt 0:06:32]} Bb7 {[%emt 0:02:37]} 12. Qe2 {[%emt 0:10:01]} Bf4 {[%emt 0:06:33]} 13. Rfd1 {[%emt 0:04:44]} Re8 {[%emt 0:08:53]} 14. a3 {[%emt 0:03:53]} dxc4 {[%emt 0:15:04]} 15. bxc4 {[%emt 0:01:13]} Qc7 {[%emt 0:00:08]} 16. Rb1 {[%emt 0:08:30]} e5 {[%emt 0:05:38]} 17. d5 {[%emt 0:01:33]} Nd4 {[%emt 0:00:11]} 18. Bxd4 {[%emt 0:03:54]} exd4 {[%emt 0:00:06]} 19. Qf1 {[%emt 0:00:05]} b5 {[%emt 0:01:04]} 20. cxb5 {[%emt 0:04:44]} Nxd5 {[%emt 0:01:52]} 21. bxa6 {[%emt 0:00:26]} Bc6 {[%emt 0:00:42]} 22. Re1 {[%emt 0:05:24]} Red8 {[%emt 0:04:41]} 23. Bc4 {[%emt 0:10:36]} d3 {[%emt 0:07:36]} 24. Ne4 {[%emt 0:06:41]} Nc3 {[%emt 0:03:02]} 25. Bxd3 {[%emt 0:02:52]} Nxb1 {[%emt 0:00:31]} 26. Bxb1 {[%emt 0:00:36]} Qa5 {[%emt 0:05:18]} 27. Qc4 {[%emt 0:02:02]} Bd5 {[%emt 0:00:08]} 28. Qc2 {[%emt 0:00:56]} Kf8 {[%emt 0:03:05]} 29. g3 {[%emt 0:10:05]} Rac8 {[%emt 0:04:38]} 30. Qb2 {[%emt 0:01:54]} Bd6 {[%emt 0:00:42]} 31. Re3 {[%emt 0:00:22]} Bxe4 {[%emt 0:02:10]} 32. Bxe4 {[%emt 0:00:33]} Bc5 {[%emt 0:00:29]} 33. Re2 {[%emt 0:01:54]} Re8 {[%emt 0:08:43]} 34. Bb7 {[%emt 0:01:05]} Rxe2 {[%emt 0:00:24]} 35. Qxe2 {[%emt 0:00:08]} Re8 {[%emt 0:00:05]} 36. Qc2 {[%emt 0:00:58]} h6 {[%emt 0:03:03]} 37. a4 {[%emt 0:00:16]} Qb4 {[%emt 0:00:52]} 38. Qf5 {[%emt 0:02:23]} g6 {[%emt 0:01:30]} 39. Qf6 {[%emt 0:00:15]} Re2 {[%emt 0:00:54]} 40. Bd5 {[%emt 0:00:00]} Qb1+ {[%emt 0:00:00]} 41. Kg2 {[%emt 0:01:14]} Rxf2+ {[%emt 0:00:36]} 42. Kh3 {[%emt 0:00:01]} Qf1+ {[%emt 0:00:26]} 43. Kg4 {[%emt 0:03:45]} h5+ {[%emt 0:00:07]} 44. Kf4 {[%emt 0:00:06]} Qc1+ {[%emt 0:00:06]} 45. Ke4 {[%emt 0:00:04]} Qe3# {[%emt 0:00:05] Kd4} 0-1

[Event "72nd RUS-ch Higher League 2019"]
[Site "Yaroslavl"]
[Date "2019.07.04"]
[Round "7.29"]
[White "Kanter, Eduard"]
[Black "Ibadov, Dashgyn"]
[Result "1-0"]
[WhiteElo "2392"]
[BlackElo "2298"]
[Annotator "NA"]
[PlyCount "113"]
[EventDate "2019.06.27"]
[EventType "swiss"]
[EventCountry "RUS"]
[SourceTitle "playchess.com"]
[Source "ChessBase"]
[SourceQuality "1"]
[TimeControl "40/5400+30:1800+30"]

1. d4 {[%emt 0:00:03]} d5 {[%emt 0:00:00]} 2. c4 {[%emt 0:00:06]} Nc6 {[%emt 0:00:00]} 3. Nc3 {[%emt 0:00:43]} dxc4 {[%emt 0:00:16]} 4. Nf3 {[%emt 0:00:24]} Nf6 {[%emt 0:02:24]} 5. h3 {[%emt 0:00:30]} Nd5 {[%emt 0:17:58]} 6. e4 {[%emt 0:04:24]} Nb6 {[%emt 0:00:44]} 7. d5 {[%emt 0:02:16]} Nb4 {[%emt 0:01:19]} 8. a3 {[%emt 0:18:14]} Nd3+ {[%emt 0:01:03]} 9. Bxd3 {[%emt 0:00:06]} cxd3 {[%emt 0:00:02]} 10. Bg5 {[%emt 0:07:51]} f6 {[%emt 0:12:02]} 11. Bf4 {[%emt 0:05:03]} e6 {[%emt 0:15:35]} 12. O-O {[%emt 0:06:06]} Bd6 {[%emt 0:02:38]} 13. Bxd6 {[%emt 0:02:36]} cxd6 {[%emt 0:00:26]} 14. dxe6 {[%emt 0:03:34]} Bxe6 {[%emt 0:02:22]} 15. Nd4 {[%emt 0:00:27]} Bc4 {[%emt 0:07:41]} 16. Nd5 {[%emt 0:10:58]} Kf7 {[%emt 0:13:53]} 17. b3 {[%emt 0:04:47]} Bxd5 {[%emt 0:01:32]} 18. exd5 {[%emt 0:00:08]} Re8 {[%emt 0:01:42]} 19. Qxd3 {[%emt 0:07:09]} Kg8 {[%emt 0:01:51]} 20. Ne6 {[%emt 0:02:17]} Qd7 {[%emt 0:01:12]} 21. Rfe1 {[%emt 0:00:05]} Qf7 {[%emt 0:00:28]} 22. Re3 {[%emt 0:02:01]} Nd7 {[%emt 0:03:12]} 23. Rae1 {[%emt 0:01:48]} Rac8 {[%emt 0:02:36]} 24. Qd4 {[%emt 0:01:24]} a6 {[%emt 0:00:43]} 25. f4 {[%emt 0:01:21]} Rc2 {[%emt 0:01:18]} 26. Rg3 {[%emt 0:03:13]} g6 {[%emt 0:03:19]} 27. Rc3 {[%emt 0:04:38]} Rxc3 {[%emt 0:00:46]} 28. Qxc3 {[%emt 0:00:02]} f5 {[%emt 0:00:50]} 29. Qc7 {[%emt 0:02:58]} Nc5 {[%emt 0:03:41]} 30. Qxd6 {[%emt 0:00:35]} Ne4 {[%emt 0:00:31]} 31. Qe5 {[%emt 0:01:09]} Nc5 {[%emt 0:01:58]} 32. Re3 {[%emt 0:01:51]} Ne4 {[%emt 0:00:01]} 33. Kh2 {[%emt 0:02:20]} Qd7 {[%emt 0:00:55]} 34. Re2 {[%emt 0:01:18]} Rc8 {[%emt 0:00:10]} 35. Ng5 {[%emt 0:01:23]} Re8 {[%emt 0:00:47]} 36. Ne6 {[%emt 0:00:36]} Rc8 {[%emt 0:00:10]} 37. b4 {[%emt 0:01:21]} h6 {[%emt 0:01:32]} 38. Re3 {[%emt 0:00:36]} Kh7 39. Qd4 {[%emt 0:00:48]} Qe7 {[%emt 0:00:39]} 40. Nc5 {[%emt 0:00:00]} Qd6 {[%emt 0:00:00]} 41. Qe5 {[%emt 0:08:17]} Rd8 {[%emt 0:06:26]} 42. Qxd6 {[%emt 0:04:33]} Rxd6 {[%emt 0:00:59]} 43. Nxe4 {[%emt 0:00:10]} fxe4 {[%emt 0:00:31]} 44. Rxe4 Kg7 45. Re7+ {[%emt 0:00:21]} Kf6 {[%emt 0:00:34]} 46. Re6+ {[%emt 0:00:50]} Rxe6 {[%emt 0:00:00]} 47. dxe6 {[%emt 0:00:04]} Kxe6 {[%emt 0:01:03]} 48. Kg3 {[%emt 0:01:04]} Kd5 {[%emt 0:02:30]} 49. Kf3 {[%emt 0:03:23]} h5 {[%emt 0:00:51]} 50. g4 h4 51. f5 {[%emt 0:01:55]} g5 {[%emt 0:01:08]} 52. Ke3 {[%emt 0:00:09]} Ke5 {[%emt 0:00:29]} 53. a4 {[%emt 0:01:04]} b6 {[%emt 0:03:03]} 54. b5 {[%emt 0:00:55]} a5 {[%emt 0:01:05]} 55. Kd3 {[%emt 0:00:42]} Kd5 {[%emt 0:00:04]} 56. Kc3 {[%emt 0:00:33]} Kc5 {[%emt 0:00:16]} 57. f6 {[%emt 0:00:10]} 1-0

[Event "72nd RUS-ch Higher League 2019"]
[Site "Yaroslavl"]
[Date "2019.07.05"]
[Round "8.1"]
[White "Sarana, Alexey"]
[Black "Alekseenko, Kirill"]
[Result "1/2-1/2"]
[WhiteElo "2641"]
[BlackElo "2650"]
[Annotator "RC"]
[PlyCount "80"]
[EventDate "2019.06.27"]
[EventType "swiss"]
[EventCountry "RUS"]
[SourceTitle "playchess.com"]
[Source "ChessBase"]
[SourceQuality "1"]
[TimeControl "40/5400+30:1800+30"]

1. d4 {[%emt 0:00:00]} Nf6 {[%emt 0:00:00]} 2. c4 {[%emt 0:00:00]} e6 {[%emt 0:00:10]} 3. Nf3 {[%emt 0:00:00]} d5 {[%emt 0:00:12]} 4. Nc3 {[%emt 0:00:04]} dxc4 {[%emt 0:00:14]} 5. e4 {[%emt 0:00:23]} b5 {[%emt 0:00:17]} 6. e5 {[%emt 0:00:07]} Nd5 {[%emt 0:00:16]} 7. Nxb5 {[%emt 0:00:02]} Nb6 {[%emt 0:00:16]} 8. Be2 {[%emt 0:00:06]} Nc6 {[%emt 0:00:24]} 9. O-O {[%emt 0:00:07]} Be7 {[%emt 0:00:21]} 10. Be3 {[%emt 0:00:08]} O-O {[%emt 0:00:19]} 11. Rc1 {[%emt 0:00:05]} Rb8 {[%emt 0:00:46]} 12. Nc3 {[%emt 0:00:23]} Nb4 {[%emt 0:00:57]} 13. Qd2 {[%emt 0:04:24]} Bb7 {[%emt 0:05:08]} 14. b3 {[%emt 0:02:29]} cxb3 {[%emt 0:04:19]} 15. axb3 {[%emt 0:00:27]} N6d5 {[%emt 0:18:30]} 16. Nxd5 {[%emt 0:11:40]} Bxd5 {[%emt 0:01:13]} 17. Ra1 {[%emt 0:00:12]} a6 {[%emt 0:03:07]} 18. Bc4 {[%emt 0:04:31]} Rb6 {[%emt 0:06:16]} 19. Qe2 {[%emt 0:01:41]} Qa8 {[%emt 0:03:12]} 20. Rfc1 {[%emt 0:00:42]} Rd8 {[%emt 0:04:23]} 21. Bd2 {[%emt 0:01:56]} Bxf3 {[%emt 0:11:31]} 22. Qxf3 {[%emt 0:00:25]} Qxf3 {[%emt 0:00:42]} 23. gxf3 {[%emt 0:00:03]} Nc6 {[%emt 0:00:34]} 24. Be3 {[%emt 0:01:45]} Nxd4 {[%emt 0:00:24]} 25. Bxd4 {[%emt 0:02:00]} Rxd4 {[%emt 0:00:05]} 26. Bxa6 {[%emt 0:00:24]} c5 {[%emt 0:03:12]} 27. Bc4 {[%emt 0:00:10]} g6 {[%emt 0:03:13]} 28. Rd1 {[%emt 0:02:52]} Bg5 {[%emt 0:01:53]} 29. Rxd4 {[%emt 0:00:52]} cxd4 {[%emt 0:00:05]} 30. Rd1 {[%emt 0:00:15]} Bf4 {[%emt 0:00:13]} 31. Rxd4 {[%emt 0:00:03]} Bxe5 {[%emt 0:00:05]} 32. Rd7 {[%emt 0:00:11]} Rc6 {[%emt 0:02:10]} 33. Kg2 {[%emt 0:01:24]} Kg7 {[%emt 0:00:29]} 34. h3 {[%emt 0:00:08]} Kf6 {[%emt 0:00:34]} 35. Kf1 {[%emt 0:00:51]} Rc5 {[%emt 0:01:13]} 36. Rd2 {[%emt 0:00:32]} Ra5 {[%emt 0:01:25]} 37. Kg2 {[%emt 0:00:05]} Ra1 {[%emt 0:00:31]} 38. Re2 {[%emt 0:00:05]} Rb1 {[%emt 0:02:18]} 39. Re4 {[%emt 0:00:14]} g5 {[%emt 0:04:00]} 40. Re2 {[%emt 0:00:00]} h6 {[%emt 0:00:00]} 1/2-1/2

[Event "72nd RUS-ch Higher League 2019"]
[Site "Yaroslavl"]
[Date "2019.07.05"]
[Round "8.2"]
[White "Fedoseev, Vladimir"]
[Black "Predke, Alexandr"]
[Result "0-1"]
[WhiteElo "2680"]
[BlackElo "2632"]
[Annotator "TA"]
[PlyCount "134"]
[EventDate "2019.06.27"]
[EventType "swiss"]
[EventCountry "RUS"]
[SourceTitle "playchess.com"]
[Source "ChessBase"]
[SourceQuality "1"]

{[%evp 17,134,21,26,20,28,22,37,18,18,28,20,0,0,0,0,5,4,0,25,-18,-13,-26,-25,-22,0,-15,-12,-10,0,0,0,-35,-33,-41,-33,-64,-2,-7,0,-12,0,-33,-30,-26,-29,-29,-24,-31,-15,-18,-20,-38,-32,-47,-22,-45,-42,-47,-56,-64,-34,-38,-26,-140,-138,-141,-141,-143,-134,-182,-99,-99,-75,-178,-177,-156,-126,-163,-164,-164,-145,-145,-145,-145,-145,-145,-145,-145,-145,-145,-66,-67,-67,-89,-199,-955,-59,-1852,-2184,-1777,-1616,-1247,-67,-67,0,-67,-67,-115,-205,-213,-213,-9325,-11543,-29982,-29983,-29990,-29991,-29991,-29992]} 1. e4 e5 2. Nf3 Nc6 3. Bb5 Nf6 4. d3 d6 5. c3 Be7 6. O-O O-O 7. Re1 a6 8. Ba4 b5 9. Bc2 d5 10. exd5 {C84: Closed Ruy Lopez: Unusual White 6th moves} (10. Nbd2 d4 11. Nb3 dxc3 12. bxc3 a5 13. a4 b4 14. Bd2 Bg4 15. h3 Bxf3 16. Qxf3 bxc3 17. Bxc3 Bb4 18. Bxb4 Nxb4 {½-½ (30) Anand,V (2776)-Svidler,P (2760) Moscow 2018}) 10... Qxd5 11. Nbd2 Re8 12. Nf1 {White is slightly better.} h6 13. Qe2 $146 ({Predecessor:} 13. Bb3 Qd6 14. Ng3 Be6 15. Bc2 Rad8 16. Nh4 Bf8 17. Ngf5 Qd7 18. Qf3 Nd5 19. Bb3 g5 20. Bxd5 Qxd5 21. Qg4 f6 22. Qh5 Bf7 23. Ng6 Kh7 24. Nxf8+ {1-0 (24) Roos,B (2020)-Hahner,A (2074) Remote email 2014}) 13... Bf8 14. h3 Be6 15. Bd2 Qd7 16. Ng3 Rad8 17. Qd1 Bd5 18. Be3 Qc8 19. Nd2 Ne7 20. a4 Ng6 21. axb5 axb5 22. Nge4 Nxe4 23. dxe4 Be6 24. Qh5 c5 25. Nf3 Qc7 26. Nh4 Nxh4 (26... Nf4 $1 $15 27. Bxf4 exf4) 27. Qxh4 $11 Ra8 28. Qg3 Kh8 29. f4 Rxa1 30. Rxa1 exf4 31. Bxf4 Qc6 32. Rd1 b4 33. e5 c4 34. Rd2 Qa8 35. Kh2 Rd8 36. Be4 Qa5 37. Qe3 Rxd2 38. Qxd2 Be7 39. cxb4 Bxb4 40. Qc2 (40. Qd4 $11) 40... g5 $1 $17 {[%cal Rg5f4]} 41. Bg3 Be1 $1 42. Bxe1 Qxe1 43. g3 Qe3 ({Black should try} 43... h5 $19 44. Bg2 Qxe5) 44. Bg2 Qxe5 45. Qf2 (45. Qc3 $17 Qxc3 46. bxc3) 45... Kg7 $19 46. Kg1 f5 47. Bf3 f4 48. g4 Kf6 49. Kf1 Qd6 50. h4 Qd3+ 51. Kg2 Qe3 {And now ...Qxf2+ would win.} 52. hxg5+ hxg5 ({Much weaker is} 52... Kxg5 $6 53. Qxe3 fxe3 54. Kg3 $11) 53. Qc2 {[#]} Bxg4 $1 {[%mdl 512]} 54. Bxg4 $15 Qg3+ {[%mdl 64] Double Attack} 55. Kf1 {Strongly threatening Qf5+.} Qxg4 56. Qxc4 $2 $17 {[%mdl 4096] Endgame KQ-KQ} (56. Qc3+ Kg6 57. Qxc4 Qh3+ 58. Kg1 Qg3+ 59. Kf1 Qf3+ 60. Kg1) 56... Qd1+ $19 57. Kf2 $2 {[%mdl 8192]} (57. Kg2 $15) 57... Qd2+ 58. Kf3 Qe3+ 59. Kg2 Kf5 $2 (59... g4 $19 60. Qc6+ Qe6) 60. Qf7+ $15 Ke4 $1 {...Qe2+ is the strong threat.} 61. Qg6+ (61. Qh7+ $1 $11 Kd4 62. Qd7+ Kc4 63. Qd1) 61... Kd4 62. Qd6+ Kc4 63. Qa6+ {[#]} Kb3 $1 {Threatens to win with ...g4.} 64. Qb5+ $2 (64. Qa3+ Kc2 65. Qa2) 64... Kc2 $19 65. b4 {[#]} f3+ $1 {Black mates.} 66. Kf1 Kb2 67. Qc4 Qd2 {Accuracy: White = 45%, Black = 55%.} 0-1